Organizational Strategy, Structure, and Process (Record no. 978)
[ view plain ]
| 000 -LEADER | |
|---|---|
| fixed length control field | 01790cam a22002414a 4500 |
| 005 - ΗΜΕΡΟΜΗΝΙΑ ΚΑΙ ΩΡΑ ΤΕΛΕΥΤΑΙΑΣ ΕΝΗΜΕΡΩΣΗΣ | |
| Πεδίο ελέγχου | 20250605163951.0 |
| 008 - FIXED-LENGTH DATA ELEMENTS--GENERAL INFORMATION | |
| Πεδίο ελέγχου σταθερού μήκους | 250528s ||||||||||||||||||||||||d |
| 035 ## - SYSTEM CONTROL NUMBER | |
| System control number | 15394 |
| 020 ## - ISBN | |
| ISBN | 70419329 |
| 040 ## - ΠΗΓΗ ΚΑΤΑΛΟΓΟΓΡΑΦΗΣΗΣ | |
| Φορέας πρωτότυπης καταλογογράφησης | MC Athens Campus Library |
| Γλώσσα καταλογογράφησης | Ελληνικά, Μοντέρνα (1453-) |
| Modifying agency | MC Athens Campus Library |
| Κανόνες περιγραφικής καταλογογράφησης | AACR2 |
| 245 1# - ΤΙΤΛΟΣ ΚΑΙ ΔΗΛΩΣΗ ΥΠΕΥΘΥΝΟΤΗΤΑΣ | |
| Τίτλος | Organizational Strategy, Structure, and Process |
| 260 ## - PUBLICATION, DISTRIBUTION, ETC. | |
| Name of publisher, distributor, etc. | Mcgraw Hill Book Company, |
| Date of publication, distribution, etc. | 1978 |
| 300 ## - PHYSICAL DESCRIPTION | |
| Extent | 276 |
| 505 0# - FORMATTED CONTENTS NOTE | |
| Formatted contents note | Preface, Theory and Applications, Introduction, The Process of Organizational Adaptation, Defenders, Prospectors, Analyzers, Reactors, Applications of the Model, Management Theory Linkages to Organizational Strategy and Structure, Mixed Strategies and Structures, Conclusions and Extensions, Industry Studies, Strategy in a Single Industry: The Case of College Textbook Publishing, Interindustry Comparisons of Strategy: Electronics and Food Processing, Management and Strategy: The Case of the Voluntary Hospital, Overview of the Literature, Prior Theory and Research, Bibliography, Index. |
| 520 ## - SUMMARY, ETC. | |
| Summary, etc. | Preface, Theory and Applications, Introduction, The Process of Organizational Adaptation, Defenders, Prospectors, Analyzers, Reactors, Applications of the Model, Management Theory Linkages to Organizational Strategy and Structure, Mixed Strategies and Structures, Conclusions and Extensions, Industry Studies, Strategy in a Single Industry: The Case of College Textbook Publishing, Interindustry Comparisons of Strategy: Electronics and Food Processing, Management and Strategy: The Case of the Voluntary Hospital, Overview of the Literature, Prior Theory and Research, Bibliography, Index. |
| 700 1# - ΠΡΟΣΘΕΤΗ ΑΝΑΓΡΑΦΗ--ΦΥΣΙΚΟ ΠΡΟΣΩΠΟ | |
| Personal name | Coleman J. Henry |
| 9 (RLIN) | 1306 |
| 700 1# - ΠΡΟΣΘΕΤΗ ΑΝΑΓΡΑΦΗ--ΦΥΣΙΚΟ ΠΡΟΣΩΠΟ | |
| Personal name | Meyer D. Alan |
| 9 (RLIN) | 1307 |
| 700 1# - ΠΡΟΣΘΕΤΗ ΑΝΑΓΡΑΦΗ--ΦΥΣΙΚΟ ΠΡΟΣΩΠΟ | |
| Personal name | Miles E. Raymond |
| 9 (RLIN) | 1308 |
| 700 1# - ΠΡΟΣΘΕΤΗ ΑΝΑΓΡΑΦΗ--ΦΥΣΙΚΟ ΠΡΟΣΩΠΟ | |
| Personal name | Snow C. Charles |
| 9 (RLIN) | 1309 |
| 942 ## - ADDED ENTRY ELEMENTS (KOHA) | |
| Koha item type | Books |
| Τύπος τεκμηρίου | Βιβλιοθήκη | Τρέχουσα τοποθεσία | Barcode | Αριθμός εισαγωγής | Ημερομηνία απόκτησης | Ταξιθετικό σύμβολο | Αριθμός αντιτύπου | Κατάσταση απόσυρσης | Κατάσταση χαμένου | Κατάσταση κατεστραμμένου | Μη δανεισμός | Σύνολο δανεισμών | Ημερομηνία τελευταίας εμφάνισης | Η τιμή ισχύει από |
|---|---|---|---|---|---|---|---|---|---|---|---|---|---|---|
| Books | MC Athens Campus Library | MC Athens Campus Library | 9780000009777 | 1649 | 05/06/2025 | 658.4 MIL | 2 | 05/06/2025 | 05/06/2025 |